[Event "Sandnes"]
[Site "?"]
[Date "2005.07.06"]
[Round "6"]
[White "Lie Gunnar"]
[Black "Garmannslund Vidar"]
[Result "1-0"]
[WhiteElo "1548"]
[BlackElo "1596"]
[PlyCount "65"]
[EventDate "2005.??.??"]
[Source "www.chesslib.no"]
[SourceDate "2004.05.04"]

1. d4 Nf6 2. f3 e6 3. e4 c5 4. e5 Ne4 5. fxe4 Qh4+ 6. Ke2 Qxe4+ 7. Be3 cxd4 8. Qxd4 Qxc2+ 9. Qd2 Qe4 10. Nf3 Bb4 11. Nc3 Bxc3 12. Qxc3 O-O 13. Kf2 b6 14. Bd3 Qc6 15. Rac1 Bb7 16. Rhd1 Qxc3 17. Rxc3 f5 18. Bb5 Bd5 19. Nd4 a6 20. Be2 f4 21. Bd2 Nc6 22. Nxc6 dxc6 23. Bf3 Rac8 24. b4 b5 25. Rdc1 Bc4 26. Rxc4 bxc4 27. Rxc4 Rf5 28. Bc3 Rf7 29. Bg4 Re7 30. Rxf4 g6 31. Bd4 h5 32. Bc5 Ree8 33. Be2 1-0

[Event "Epetium Open"]
[Site "Stobrec CRO"]
[Date "2007.08.23"]
[Round "5"]
[White "Ivic, Mi"]
[Black "Milicic, D."]
[Result "1-0"]
[WhiteElo "1485"]
[BlackElo "1507"]
[PlyCount "67"]
[EventDate "2007.08.18"]
[Source "www.chesslib.no"]
[SourceDate "2004.05.04"]

1. d4 Nf6 2. f3 e6 3. e4 h6 4. e5 Nd5 5. Bc4 c6 6. Bxd5 cxd5 7. Ne2 Nc6 8. Be3 Be7 9. Nbc3 a6 10. f4 Bb4 11. Qd2 Bxc3 12. Qxc3 Ne7 13. Ng3 g6 14. Qd2 b5 15. O-O Bb7 16. c3 h5 17. f5 gxf5 18. Bg5 Qc7 19. Bf6 Rh7 20. Qg5 Ng6 21. Nxh5 d6 22. Ng7+ Kd7 23. Nxe6 Qb6 24. Qxf5 Kc6 25. exd6 Bc8 26. Rae1 Bxe6 27. Rxe6 Nf8 28. Re7 Qa5 29. Rc7+ Qxc7 30. dxc7 Kxc7 31. Be7 Ng6 32. Qxd5 Re8 33. Qd6+ Kb7 34. Qd7+ 1-0

[Event "Muret"]
[Site "?"]
[Date "2003.06.18"]
[Round "3"]
[White "Valiny Gerard"]
[Black "Phan Van Chuong"]
[Result "0-1"]
[WhiteElo "1210"]
[BlackElo "1780"]
[PlyCount "50"]
[EventDate "2003.??.??"]
[Source "www.chesslib.no"]
[SourceDate "2004.05.04"]

1. d4 Nf6 2. f3 e6 3. Bd2 b6 4. a3 Be7 5. e4 d6 6. e5 dxe5 7. dxe5 Nfd7 8. f4 Ba6 9. Bxa6 Nxa6 10. Nh3 O-O 11. Ng5 Bxg5 12. fxg5 Nxe5 13. Bc3 Qxd1+ 14. Kxd1 Rfd8+ 15. Kc1 Rd5 16. b4 Rad8 17. Kb2 Nc4+ 18. Ka2 Rxg5 19. g3 Ne3 20. Bd2 Re5 21. Re1 Nc4 22. Rxe5 Nxe5 23. a4 Nf3 24. h4 Nxd2 25. Nc3 Nxb4+ 0-1

[Event "Churchill"]
[Site "?"]
[Date "2000.01.20"]
[Round "8.12"]
[White "Castor David"]
[Black "McDonald Julian"]
[Result "0-1"]
[WhiteElo "1487"]
[BlackElo "1331"]
[PlyCount "100"]
[EventDate "2000.??.??"]
[Source "www.chesslib.no"]
[SourceDate "2004.05.04"]

1. d4 Nf6 2. f3 g6 3. e4 d6 4. Be3 Bg7 5. Qd2 O-O 6. Bh6 e5 7. h4 Nh5 8. g4 Nf4 9. Bxf4 exf4 10. c3 d5 11. Qxf4 dxe4 12. fxe4 Re8 13. Nd2 a6 14. O-O-O b5 15. Ngf3 Nd7 16. h5 Nf6 17. hxg6 hxg6 18. Bd3 Nxg4 19. Ng5 Qf6 20. Qxf6 Bxf6 21. Nh3 Bg7 22. Rdf1 Bb7 23. Rhg1 Nf6 24. e5 Nd5 25. Ne4 Bc8 26. Nhg5 Bf5 27. Rxf5 gxf5 28. Nf6+ Nxf6 29. exf6 Bh6 30. Kc2 Bxg5 31. Rxg5+ Kh7 32. Rxf5 Kh6 33. Kb3 Re3 34. Bc2 Re6 35. Ka3 Rb6 36. Bb3 Kg6 37. Bc2 Kh6 38. Rc5 Ra7 39. Rf5 Ra8 40. Rf2 Rd8 41. Bb3 Rd7 42. Kb4 Kg6 43. Kc5 Rxf6 44. Rg2+ Kh6 45. d5 Rdd6 46. c4 bxc4 47. Bxc4 c6 48. Bxa6 Rxd5+ 49. Kb6 c5+ 50. Kb5 Rd8 0-1

[Event "Churchill"]
[Site "?"]
[Date "2000.01.17"]
[Round "6.12"]
[White "Castor David"]
[Black "Messina David"]
[Result "1-0"]
[WhiteElo "1487"]
[BlackElo "984"]
[PlyCount "83"]
[EventDate "2000.??.??"]
[Source "www.chesslib.no"]
[SourceDate "2004.05.04"]

1. d4 Nf6 2. f3 c5 3. d5 d6 4. e4 g6 5. Be3 Bg7 6. Bb5+ Bd7 7. Bxd7+ Nbxd7 8. Nc3 O-O 9. h4 Ne5 10. Bf4 Nh5 11. Be3 Nc4 12. Bd2 Bf6 13. g4 Ng3 14. Rh3 e6 15. Rxg3 Bxh4 16. Kf2 exd5 17. Nxd5 Bxg3+ 18. Kxg3 Nb6 19. Bh6 Re8 20. Nh3 Nxd5 21. Qxd5 Re5 22. Qd2 f6 23. Bf4 Re6 24. Qd5 Qe7 25. Bd2 Kg7 26. Bc3 g5 27. Nxg5 Re5 28. Bxe5 fxe5 29. Nh3 Rf8 30. Qd2 Qf7 31. Qe3 Qc4 32. Ng5 h6 33. Rh1 Rf6 34. Nh3 Qxc2 35. Rh2 Qc4 36. Qb3 Qa6 37. a4 Qc6 38. Rd2 a6 39. Qd5 Qd7 40. Qxe5 Kf7 41. Qxc5 h5 42. Qxh5+ 1-0

[Event "Corr"]
[Site "?"]
[Date "2004.03.22"]
[Round "?"]
[White "Certoux Christophe"]
[Black "Pickering Tony"]
[Result "0-1"]
[WhiteElo "1180"]
[BlackElo "1198"]
[PlyCount "32"]
[EventDate "2004.??.??"]
[Source "www.chesslib.no"]
[SourceDate "2004.05.04"]

1. d4 Nf6 2. f3 Nc6 3. Nc3 d5 4. e4 dxe4 5. d5 Nb4 6. fxe4 Bg4 7. Nf3 e6 8. a3 Nxe4 9. Bb5+ c6 10. dxc6 Qxd1+ 11. Nxd1 Nxc2+ 12. Kf1 O-O-O 13. Ra2 Rxd1+ 14. Ne1 Rxc1 15. b4 Ne3+ 16. Kg1 Rxe1+ 0-1